Burrito escucha los ruidos (Record no. 205496)
[ view plain ]
| 000 -CABECERA | |
|---|---|
| campo de control de longitud fija | 00971cam a2200313 a 4500 |
| 003 - IDENTIFICADOR DEL NÚMERO DE CONTROL | |
| campo de control | MX-MxUPN |
| 005 - FECHA Y HORA DE LA ÚLTIMA TRANSACCIÓN | |
| campo de control | 20240507114222.0 |
| 008 - ELEMENTOS DE LONGITUD FIJA--INFORMACIÓN GENERAL | |
| campo de control de longitud fija | 191015s2004 sp a ar 000 j spa d |
| 020 ## - NÚMERO INTERNACIONAL NORMALIZADO PARA LIBROS | |
| Número Internacional Estándar del Libro | 8478647104 |
| 035 ## - NÚMERO DE CONTROL DEL SISTEMA | |
| Número de control de sistema | UPN01000233401 |
| 040 ## - FUENTE DE LA CATALOGACIÓN | |
| Centro catalogador/agencia de origen | MX-MxUPN |
| Lengua de catalogación | spa |
| 041 1# - CÓDIGO DE IDIOMA | |
| Código de lengua del texto/banda sonora o título independiente | spa |
| Código de lengua original | fre |
| 050 #4 - SIGNATURA TOPOGRÁFICA DE LA BIBLIOTECA DEL CONGRESO | |
| Número de clasificación | P119 |
| Número de documento/Ítem | D45 2004 |
| 100 1# - ASIENTO PRINCIPAL--NOMBRE PERSONAL | |
| Nombre de persona | Delval, Marie-Hélène |
| 9 (RLIN) | 51342 |
| 245 10 - MENCIÓN DE TÍTULO | |
| Título | Burrito escucha los ruidos |
| 250 ## - MENCIÓN DE EDICIÓN | |
| Mención de edición | Segunda edición |
| 260 ## - PUBLICACIÓN, DISTRIBUCIÓN, ETC. | |
| Lugar de publicación, distribución, etc. | Barcelona : |
| Nombre del editor, distribuidor, etc. | Combel, |
| Fecha de publicación, distribución, etc. | 2004 |
| 300 ## - DESCRIPCIÓN FÍSICA | |
| Extensión | [14] páginas : |
| Otras características físicas | ilustraciones a color |
| 490 ## - MENCIÓN DE SERIE | |
| Mención de serie | Palabras menudas |
| 500 ## - NOTA GENERAL | |
| Nota general | Título original: Cadichon écoute les bruits. |
| 650 #4 - ASIENTO SECUNDARIO DE MATERIA - TERMINO TEMATICO | |
| 9 (RLIN) | 51863 |
| Término de materia o nombre geográfico como elemento de entrada | Onomatopeya |
| Subdivisión de forma | Literatura infantil |
| 650 #4 - ASIENTO SECUNDARIO DE MATERIA - TERMINO TEMATICO | |
| 9 (RLIN) | 9516 |
| Término de materia o nombre geográfico como elemento de entrada | Vocabulario |
| Subdivisión de forma | Literatura infantil |
| 700 1# - ASIENTO SECUNDARIO--NOMBRE DE PERSONAL | |
| 9 (RLIN) | 51187 |
| Nombre de persona | Courtin, Thierry |
| Término indicativo de función/relación | ilustración |
| 700 1# - ASIENTO SECUNDARIO--NOMBRE DE PERSONAL | |
| 9 (RLIN) | 51800 |
| Nombre de persona | Hernández, Emilia |
| Término indicativo de función/relación | traducción |
| 902 ## - ELEMENTOS DE DATOS B LOCAL, LDB (RLIN) | |
| Modificó | VíctorGodínez/070524 |
| 905 ## - TIPO DE MATERIAL | |
| Tipo de material | Infantil |
| 942 ## - ELEMENTOS DE PUNTO DE ACCESO ADICIONAL (KOHA) | |
| Fuente del sistema de clasificación o colocación | Library of Congress Classification |
| Tipo de ítem Koha | Libro |
| Estado de retiro | Estado de pérdida | Fuente del sistema de clasificación o colocación | Estado dañado | No para préstamo | Código de colección | Localización permanente | Ubicación/localización actual | Ubicación en estantería | Fecha de adquisición | Clasificación | Código de barras | Fecha visto por última vez | Tipo de ítem Koha |
|---|---|---|---|---|---|---|---|---|---|---|---|---|---|
| Library of Congress Classification | Infantil | Bib. Gregorio Torres Quintero | Bib. Gregorio Torres Quintero | Sala infantil Planta baja | 07/05/2024 | P119 D45 2004 | 329240 | 31/12/2020 | Libro |
